| 000 | 01007nam a2200181 4500 | ||
|---|---|---|---|
| 001 | 163659 | ||
| 003 | ES-MaACL | ||
| 005 | 20230906212802.0 | ||
| 008 | 950308s1888 sp lv |||| | spa d | ||
| 040 |
_aEUS _bspa _cEUS |
||
| 100 | 1 |
_aRobles Pozo, José. _9131900 |
|
| 245 | 1 | 2 |
_aLa ley y la jurisprudencia vigentes del enjuiciamiento civil o sea El texto de la edición oficial de la Ley de enjuiciamiento civil de 3 de febrero de 1881... reformada por la ley de 11 de mayo actual... y la jurisprudencia civil procesal establecida por las decisiones del Supremo Tribunal de Justicia y del Consejo de Estado en materia de competencias... / _cpor José Robles Pozo. |
| 260 |
_aMadrid : _b[s.n.], _c1888 ( _fImprenta de la Revista de Legislación, á cargo de José María Sardá) |
||
| 300 |
_a2 v. (XV, 793; 748 p.) ; _c23 cm. |
||
| 594 | _aPrecede al tít.: Derecho Procesal de España. | ||
| 650 | 4 |
_aProcedimiento civil- _zEspaña- _vLegislación. _916422 |
|
| 852 |
_aES-MaACL _jC-3307-08 _z-- Enc. hol. |
||
| 999 |
_c163659 _d163659 |
||